00500nam a2200157 a 4500008004100000020001500041050001900056100002500075245007400100250001200174260003300186300003700219350000900256500003900265650003800304120416s1976 ||||||||||||||||| || u a0070415102 aREF TA 151 Sta aMerritt, Frederick S10aStandard handbook for civil engineerscedited by Frederick S. Merritt a2nd ed. aNew York:bMcGraw-Hillc1976 a1 vol. (in various paging : ill. a0.00 aIncludes bibliographies and index. aCITY PLANNING--HANDBOOKS, MANUALS